Introduction à la Yoga
Guardat en:
| Autor principal: | |
|---|---|
| Format: | Llibre |
| Idioma: | francès |
| Publicat: |
París
Publications théosophiques
1912
|
| Col·lecció: | Bibliothèque théosophique
|
| Matèries: | |
| Etiquetes: |
Afegir etiqueta
Sense etiquetes, Sigues el primer a etiquetar aquest registre!
|
MARC
| LEADER | 00000nam a2200000 a 4500 | ||
|---|---|---|---|
| 001 | UCY7293 | ||
| 003 | CL-VaPUC | ||
| 005 | 20230510101950.0 | ||
| 008 | 950609e19120000fr 1 fre d | ||
| 082 | 0 | 4 | |a 181.45 |b BES |2 21 |
| 100 | 1 | |a Besant, Annie |e author |9 617217 | |
| 245 | 1 | 0 | |a Introduction à la Yoga |
| 260 | |a París |b Publications théosophiques |c 1912 | ||
| 300 | |a 167 p | ||
| 490 | 0 | |a Bibliothèque théosophique | |
| 500 | |a Conferencias realizadas con ocasión del 32§ aniversario | ||
| 583 | |a last modification |c 19950609 00:00:00 |k Rodrigo Vera | ||
| 650 | 0 | 0 | |a Filosofía |9 223554 |
| 650 | 0 | 0 | |a Misticismo |9 265505 |
| 650 | 0 | 7 | |a PRACTICAS ESOTERICAS |2 CL-VaPUC |9 337269 |
| 650 | 0 | 0 | |a Yoga |9 312609 |
| 650 | 0 | 7 | |a BUDISMO |2 CL-VaPUC |9 617218 |
| 650 | 0 | 0 | |a Muerte |9 265114 |
| 650 | 0 | 0 | |a Religión |9 255164 |
| 942 | |c BK | ||
| 945 | |a cmena |d 19950609 00:00:00 | ||
| 546 | |a En Francés | ||
| 518 | |p Conferencia Aniversario de la Societé Théosophique, 4, Bénarès, 27-30 diciembre 1907 | ||
| 999 | |c 382378 |d 382376 | ||
| 952 | |0 0 |1 0 |4 0 |6 181_450000000000000_BES_1912 |7 0 |8 P |9 504043 |a BIBEDU |b BIBEDU |c BIBEDU_PB |d 2020-01-23 |i 1517651 |o 181.45 BES 1912 |p 1517651 |r 2024-01-25 |w 2020-01-23 |y BK |k EDU | ||